000 00516 a2200181 4500
003 OSt
005 20230818135236.0
008 230818b |||||||| |||| 00| 0 eng d
020 _a9789353162252
040 _coclc
082 _a657.04
_bHAN/M
100 _aHanif M
_91240
245 _aMODERN ACCOUNTANCY VOL II /
_cM Hanif and A Mukherjee
250 _a 3ED
260 _aChennai:
_bMc Graw Hill,
_c2019.
300 _amultipagination
942 _2ddc
_cBK
_h657.04
_iHAN/M
_k657.04
_mHAN/M
999 _c41926
_d41926